[Event "NRW-ch op Seniors 14th"]
[Site "Beverungen"]
[Date "2003.06.16"]
[Round "3.13"]
[White "Wagner, Georg"]
[Black "Rusanov, Vasily"]
[Result "1/2-1/2"]
[WhiteElo "1547"]
[BlackElo "1786"]
[PlyCount "80"]
[EventDate "2003.06.14"]
[EventType "swiss"]
[EventRounds "9"]
[EventCountry "GER"]
[SourceTitle "EXT 2004"]
[Source "ChessBase"]
[SourceDate "2003.11.25"]
[SourceVersion "1"]
[SourceVersionDate "2003.11.25"]
[SourceQuality "1"]

1. d4 Nf6 2. c4 c5 3. e3 cxd4 4. exd4 e6 5. Qc2 b6 6. Nc3 Bb7 7. f3 Nc6 8. Be3 Bb4 9. a3 Bxc3+ 10. Qxc3 Rc8 11. Qd2 Na5 12. Qb4 d6 13. Qa4+ Bc6 14. Qc2 0-0 15. b4 Nb7 16. Qb2 d5 17. c5 Re8 18. b5 Bd7 19. c6 Bxc6 20. bxc6 Rxc6 21. Bb5 Rc4 22. Bxe8 Qxe8 23. Ne2 Qc6 24. Rc1 Na5 25. 0-0 h6 26. Rxc4 Nxc4 27. Qc3 b5 28. Rc1 Qb6 29. Bf2 a5 30. Rc2 Ne8 31. g4 Nf6 32. Kg2 Nd7 33. Nc1 f6 34. Nb3 a4 35. Nc5 Nxc5 36. dxc5 Qc6 37. Qb4 e5 38. Rc1 d4 39. Rxc4 bxc4 40. Qxc4+ Kf8 1/2-1/2

[Event "NRW-ch op Seniors 14th"]
[Site "Beverungen"]
[Date "2003.06.15"]
[Round "2.7"]
[White "Rusanov, Vasily"]
[Black "Kempen, Willi"]
[Result "0-1"]
[WhiteElo "1786"]
[BlackElo "2166"]
[PlyCount "70"]
[EventDate "2003.06.14"]
[EventType "swiss"]
[EventRounds "9"]
[EventCountry "GER"]
[SourceTitle "EXT 2004"]
[Source "ChessBase"]
[SourceDate "2003.11.25"]
[SourceVersion "1"]
[SourceVersionDate "2003.11.25"]
[SourceQuality "1"]

1. Nf3 d5 2. g3 g6 3. c4 d4 4. b3 Bg7 5. Bb2 e5 6. Bg2 Ne7 7. 0-0 0-0 8. d3 c5 9. Nbd2 Nbc6 10. Ne4 b6 11. a3 f5 12. Ned2 a5 13. Qc2 Ra7 14. Rfe1 Rd7 15. Rad1 Rd6 16. h4 Kh8 17. Bc1 Bh6 18. Ng5 Bxg5 19. hxg5 Qc7 20. Nf1 Nd8 21. f4 Nf7 22. fxe5 Nxe5 23. Bf4 Nf7 24. e3 Nc6 25. exd4 Nxd4 26. Qc3 Qd8 27. Bxd6 Qxd6 28. Re3 Nxg5 29. Rde1 Bd7 30. Re7 Nge6 31. Rxd7 Qxd7 32. Bd5 Ng5 33. Qb2 f4 34. gxf4 Qg4+ 35. Kh1 Qh4+ 0-1